| 000 | 01569nam a2200277 a 4500 | ||
|---|---|---|---|
| 001 | 61255 | ||
| 003 | BD-RjUL | ||
| 005 | 20211209080935.0 | ||
| 008 | 170116s1971 bg a|||| ||| 000 0 ben d | ||
| 020 | _c: Tk. 3.50 | ||
| 035 | _a(BD-RjUL)61379 | ||
| 040 |
_aBD-RjUL _bben _cBD-RjUL _dBD-RjUL |
||
| 041 | _aben | ||
| 082 |
_223 _a330.973 _bGIJ 1971 |
||
| 100 | 1 | 0 |
_aগিন্জ্বার্গ, এলি _9143822 |
| 245 | 1 | 0 |
_aজীবন ও অর্থনীতি : _bযুক্তরাষ্ট্রের অর্থ-ব্যবস্থার বাস্তব রুপরেখা / _cএলি গিন্জ্বার্গ, ডেল্ এল্ হাইস্ট্যাণ্ড , বিয়েত্রিস জি. রিউবেন্স ; অনুবাদ : খন্দকার তাফাজ্জুল হোসেন |
| 250 | _a১ম প্রকাশ | ||
| 260 |
_aঢাকা : _bবুক ভিলা, _c১৯৭১ |
||
| 300 |
_a[১৪] ২২৪ পৃ. : _bচিত্র. _c২১ সেমি. |
||
| 650 |
_aঅর্থনীতি _zযুক্তরাষ্ট্র _9143823 |
||
| 650 |
_aEconomics _zUSA _9143824 |
||
| 700 |
_aহাইস্ট্যাণ্ড , ডেল্ এল্ , যুগ্ম লেখক _9143825 |
||
| 700 |
_aরিউবেন্স, বিয়েত্রিস জি. , যুগ্ম লেখক _9143826 |
||
| 700 |
_aহোসেন, খন্দকার তাফাজ্জুল, অনুবাদক _9143827 |
||
| 942 |
_2ddc _cBK |
||
| 999 |
_c61255 _d61255 |
||